Andenländer - Sudden Death - Statistiken

Allgemein
  • Dieses Quiz wurde 292 mal gespielt
  • Das Durchschnittsergebnis liegt bei 5 aus 7
Answers on the Grid
Answers color-coded by a green-red scale on the quiz's grid according to % correct below.
Argentinien🇦🇷
Bolivien🇧🇴
Ecuador🇪🇨
Chile🇨🇱
Peru🇵🇪
Kolumbien🇨🇴
Venezuela🇻🇪
Guyana🇬🇾
Suriname🇸🇷
Brasilien🇧🇷
Paraguay🇵🇾
Uruguay🇺🇾
Panama🇵🇦
Frankreich🇫🇷
 
Antwortstatistiken
Antwort % Korrekt
Chile🇨🇱
86%
Peru🇵🇪
82%
Bolivien🇧🇴
79%
Argentinien🇦🇷
78%
Ecuador🇪🇨
69%
Kolumbien🇨🇴
61%
Venezuela🇻🇪
31%
Keine übereinstimmenden Quizze gefunden
Verteilung der Resultate
Anzahl Personen mit jedem Resultat
Perzentil nach korrekt beantworteten Fragen
Ihre Resultats-Entwicklung
Sie haben dieses Quiz noch nicht gespielt